[Event "Deutsche Ländermeisterschaft 2023"]
[Site "Hannover GER"]
[Date "2023.10.04"]
[Round "6"]
[White "Weishäutel, Moritz"]
[Black "Chassard, Cedric"]
[Result "1-0"]
[Termination "normal"]
[Board "6.1"]
[WhiteTitle "FM"]
[BlackTitle "FM"]
[WhiteElo "2403"]
[BlackElo "2349"]
[WhiteClock "00:59:33"]
[BlackClock "00:38:49"]
[WhiteTeam "Thüringen"]
[BlackTeam "Saarland & Friends"]
[PlyCount "51"]
[WhiteFideId "12967300"]
[BlackFideId "16243536"]
[EventCountry "GER"]
[EventRounds "7"]
[EventType "team-swiss"]
[EventDate "2023.09.30"]

1. d4 {[%clk 01:30:57]} {[%emt 00:00:02]} Nf6 {[%clk 01:30:54]} {[%emt
00:00:06]} 2. c4 {[%clk 01:31:19]} {[%emt 00:00:09]} e6 {[%clk 01:31:18]}
{[%emt 00:00:05]} 3. Nf3 {[%clk 01:31:39]} {[%emt 00:00:12]} d5 {[%clk
01:31:41]} {[%emt 00:00:06]} 4. Nc3 {[%clk 01:32:03]} {[%emt 00:00:06]} dxc4
{[%clk 01:32:05]} {[%emt 00:00:04]} 5. e4 {[%clk 01:32:29]} {[%emt 00:00:07]}
Bb4 {[%clk 01:32:31]} {[%emt 00:00:04]} 6. Bxc4 {[%clk 01:32:54]} {[%emt
00:00:04]} Nxe4 {[%clk 01:32:54]} {[%emt 00:00:07]} 7. O-O {[%clk 01:33:21]}
{[%emt 00:00:03]} Nxc3 {[%clk 01:33:20]} {[%emt 00:00:04]} 8. bxc3 {[%clk
01:33:47]} {[%emt 00:00:03]} Be7 {[%clk 01:33:30]} {[%emt 00:00:21]} 9. Bf4
{[%clk 01:34:12]} {[%emt 00:00:04]} O-O {[%clk 01:28:51]} {[%emt 00:05:09]} 10.
Qc2 {[%clk 01:34:40]} {[%emt 00:00:02]} b6 {[%clk 01:23:14]} {[%emt 00:06:07]}
11. Bd3 {[%clk 01:31:07]} {[%emt 00:04:03]} g6 {[%clk 01:17:49]} {[%emt
00:05:55]} 12. Be4 {[%clk 01:26:19]} {[%emt 00:05:18]} c6 {[%clk 01:18:12]}
{[%emt 00:00:07]} 13. Ne5 {[%clk 01:26:03]} {[%emt 00:00:46]} f5 {[%clk
01:12:39]} {[%emt 00:06:04]} 14. Nxc6 {[%clk 01:23:13]} {[%emt 00:03:20]} Nxc6
{[%clk 01:12:48]} {[%emt 00:00:21]} 15. Bxc6 {[%clk 01:23:37]} {[%emt
00:00:05]} Ba6 {[%clk 01:12:04]} {[%emt 00:01:14]} 16. Rfe1 {[%clk 01:22:18]}
{[%emt 00:01:49]} Rc8 {[%clk 01:11:57]} {[%emt 00:00:38]} 17. Rxe6 {[%clk
01:13:39]} {[%emt 00:09:08]} Bc4 {[%clk 01:05:15]} {[%emt 00:07:12]} 18. d5
{[%clk 01:12:52]} {[%emt 00:01:17]} Rf6 {[%clk 01:03:42]} {[%emt 00:02:03]} 19.
Rae1 {[%clk 01:08:15]} {[%emt 00:05:07]} Rxe6 {[%clk 00:57:19]} {[%emt
00:06:54]} 20. Rxe6 {[%clk 01:08:39]} {[%emt 00:00:05]} Bg5 {[%clk 00:55:04]}
{[%emt 00:02:45]} 21. Qd2 {[%clk 00:59:23]} {[%emt 00:09:46]} Bxf4 {[%clk
00:52:38]} {[%emt 00:02:57]} 22. Qxf4 {[%clk 00:59:47]} {[%emt 00:00:04]} Bxd5
{[%clk 00:40:25]} {[%emt 00:12:43]} 23. Rd6 {[%clk 00:59:19]} {[%emt 00:00:57]}
Bxc6 {[%clk 00:40:12]} {[%emt 00:00:44]} 24. Rxd8+ {[%clk 00:59:02]} {[%emt
00:00:47]} Rxd8 {[%clk 00:40:42]} 25. h4 {[%clk 00:59:16]} {[%emt 00:00:15]}
Rd7 {[%clk 00:38:49]} {[%emt 00:02:23]} 26. Qc4+ {[%clk 00:59:33]} {[%emt
00:00:13]} 1-0

[Event "Deutsche Ländermeisterschaft 2023"]
[Site "Hannover GER"]
[Date "2023.10.04"]
[Round "6"]
[White "Windmüller, Simon"]
[Black "Müller, Magnus"]
[Result "0-1"]
[Termination "normal"]
[Board "6.2"]
[WhiteElo "1970"]
[BlackElo "2180"]
[WhiteClock "00:19:36"]
[BlackClock "00:15:41"]
[WhiteTeam "Saarland & Friends"]
[BlackTeam "Thüringen"]
[PlyCount "78"]
[WhiteFideId "16274032"]
[BlackFideId "16230060"]
[EventCountry "GER"]
[EventRounds "7"]
[EventType "team-swiss"]
[EventDate "2023.09.30"]

1. d4 {[%clk 01:30:13]} {[%emt 00:00:45]} d5 {[%clk 01:28:49]} {[%emt
00:02:12]} 2. Nf3 {[%clk 01:30:18]} {[%emt 00:00:25]} Nf6 {[%clk 01:28:46]}
{[%emt 00:00:33]} 3. c4 {[%clk 01:30:35]} {[%emt 00:00:13]} c6 {[%clk
01:26:01]} {[%emt 00:03:15]} 4. e3 {[%clk 01:29:12]} {[%emt 00:01:53]} Bf5
{[%clk 01:26:28]} {[%emt 00:00:04]} 5. Nc3 {[%clk 01:29:32]} {[%emt 00:00:10]}
e6 {[%clk 01:26:55]} {[%emt 00:00:03]} 6. Nh4 {[%clk 01:26:47]} {[%emt
00:03:14]} Be4 {[%clk 01:25:54]} {[%emt 00:01:31]} 7. f3 {[%clk 01:26:57]}
{[%emt 00:00:19]} Bg6 {[%clk 01:26:21]} {[%emt 00:00:04]} 8. Qb3 {[%clk
01:25:39]} {[%emt 00:01:46]} Qc7 {[%clk 01:26:49]} {[%emt 00:00:05]} 9. Bd2
{[%clk 01:25:03]} {[%emt 00:01:06]} a5 {[%clk 01:27:15]} {[%emt 00:00:04]} 10.
Nxg6 {[%clk 01:18:05]} {[%emt 00:07:27]} hxg6 {[%clk 01:27:15]} {[%emt
00:00:31]} 11. g3 {[%clk 01:16:53]} {[%emt 00:01:42]} Bd6 {[%clk 01:15:18]}
{[%emt 00:12:26]} 12. f4 {[%clk 01:17:07]} {[%emt 00:00:15]} a4 {[%clk
01:04:44]} {[%emt 00:11:05]} 13. Qc2 {[%clk 01:16:20]} {[%emt 00:01:17]} dxc4
{[%clk 01:01:58]} {[%emt 00:03:17]} 14. Bxc4 {[%clk 01:15:54]} {[%emt
00:00:55]} b5 {[%clk 01:01:55]} {[%emt 00:00:34]} 15. Be2 {[%clk 01:15:18]}
{[%emt 00:01:05]} Qb6 {[%clk 00:57:01]} {[%emt 00:05:24]} 16. Rc1 {[%clk
01:11:17]} {[%emt 00:04:30]} a3 {[%clk 00:54:48]} {[%emt 00:02:45]} 17. b3
{[%clk 01:11:00]} {[%emt 00:00:46]} Na6 {[%clk 00:55:07]} {[%emt 00:00:11]} 18.
Ne4 {[%clk 01:10:36]} {[%emt 00:00:53]} Nxe4 {[%clk 00:55:30]} {[%emt
00:00:09]} 19. Qxe4 {[%clk 01:10:59]} {[%emt 00:00:06]} Rc8 {[%clk 00:54:53]}
{[%emt 00:01:08]} 20. Qd3 {[%clk 01:02:04]} {[%emt 00:09:24]} g5 {[%clk
00:50:18]} {[%emt 00:05:06]} 21. O-O {[%clk 00:55:14]} {[%emt 00:07:19]} gxf4
{[%clk 00:50:34]} {[%emt 00:00:14]} 22. gxf4 {[%clk 00:55:25]} {[%emt
00:00:18]} f5 {[%clk 00:37:43]} {[%emt 00:13:22]} 23. Qxb5 {[%clk 00:47:40]}
{[%emt 00:08:15]} cxb5 {[%clk 00:35:54]} {[%emt 00:02:19]} 24. Rxc8+ {[%clk
00:48:04]} {[%emt 00:00:06]} Ke7 {[%clk 00:35:58]} {[%emt 00:00:26]} 25. Rxh8
{[%clk 00:48:20]} {[%emt 00:00:14]} Bb4 {[%clk 00:36:26]} {[%emt 00:00:03]} 26.
Bxb4+ {[%clk 00:34:58]} {[%emt 00:13:51]} Nxb4 {[%clk 00:34:55]} {[%emt
00:02:01]} 27. Rc8 {[%clk 00:34:50]} {[%emt 00:00:37]} Qb7 {[%clk 00:34:29]}
{[%emt 00:00:57]} 28. Rc5 {[%clk 00:32:32]} {[%emt 00:02:48]} Qe4 {[%clk
00:33:21]} {[%emt 00:01:38]} 29. Kf2 {[%clk 00:28:54]} {[%emt 00:04:08]} Nd5
{[%clk 00:25:37]} {[%emt 00:08:15]} 30. Rxd5 {[%clk 00:29:03]} {[%emt
00:00:20]} exd5 {[%clk 00:26:04]} {[%emt 00:00:04]} 31. Rc1 {[%clk 00:27:43]}
{[%emt 00:01:48]} g5 {[%clk 00:26:22]} {[%emt 00:00:13]} 32. fxg5 {[%clk
00:21:53]} {[%emt 00:06:20]} f4 {[%clk 00:26:47]} {[%emt 00:00:06]} 33. Rc3
{[%clk 00:20:29]} {[%emt 00:01:53]} b4 {[%clk 00:18:46]} {[%emt 00:08:31]} 34.
Rd3 {[%clk 00:20:46]} {[%emt 00:00:12]} f3 {[%clk 00:19:11]} {[%emt 00:00:06]}
35. Bf1 {[%clk 00:21:15]} Qh4+ {[%clk 00:18:29]} {[%emt 00:01:12]} 36. Kxf3
{[%clk 00:21:32]} {[%emt 00:00:12]} Qh5+ {[%clk 00:18:09]} {[%emt 00:00:51]}
37. Kg2 {[%clk 00:20:21]} {[%emt 00:01:36]} Qxg5+ {[%clk 00:15:34]} {[%emt
00:03:10]} 38. Kf2 {[%clk 00:20:40]} {[%emt 00:00:11]} Qh4+ {[%clk 00:15:41]}
{[%emt 00:00:23]} 39. Kf3 {[%clk 00:19:36]} {[%emt 00:01:34]} Qe1 {[%emt
00:07:14]} 0-1

[Event "Deutsche Ländermeisterschaft 2023"]
[Site "Hannover GER"]
[Date "2023.10.04"]
[Round "6"]
[White "Bock, Marlon"]
[Black "Kalina, Lena"]
[Result "1/2-1/2"]
[Termination "normal"]
[Board "6.3"]
[WhiteElo "1984"]
[BlackElo "1718"]
[WhiteClock "00:05:08"]
[BlackClock "00:06:39"]
[WhiteTeam "Thüringen"]
[BlackTeam "Saarland & Friends"]
[PlyCount "59"]
[WhiteFideId "16244931"]
[BlackFideId "12988014"]
[EventCountry "GER"]
[EventRounds "7"]
[EventType "team-swiss"]
[EventDate "2023.09.30"]

1. d4 {[%clk 01:30:58]} {[%emt 00:00:01]} d5 {[%clk 01:30:54]} {[%emt
00:00:07]} 2. c4 {[%clk 01:31:23]} {[%emt 00:00:05]} c6 {[%clk 01:31:20]}
{[%emt 00:00:04]} 3. cxd5 {[%clk 01:31:49]} {[%emt 00:00:04]} cxd5 {[%clk
01:31:44]} {[%emt 00:00:06]} 4. Bf4 {[%clk 01:32:15]} {[%emt 00:00:04]} Nc6
{[%clk 01:31:31]} {[%emt 00:00:44]} 5. e3 {[%clk 01:32:32]} {[%emt 00:00:12]}
a6 {[%clk 01:30:17]} {[%emt 00:01:44]} 6. Nc3 {[%clk 01:30:05]} {[%emt
00:02:58]} Nf6 {[%emt 00:00:41]} 7. Bd3 {[%clk 01:28:04]} {[%emt 00:02:30]} Bg4
{[%clk 01:24:07]} {[%emt 00:06:29]} 8. Nge2 {[%clk 01:22:02]} {[%emt 00:06:32]}
e6 {[%clk 01:20:39]} {[%emt 00:03:59]} 9. O-O {[%clk 01:19:55]} {[%emt
00:02:37]} Be7 {[%clk 01:16:15]} {[%emt 00:04:54]} 10. Qd2 {[%clk 01:18:08]}
{[%emt 00:02:16]} O-O {[%clk 01:15:16]} {[%emt 00:01:30]} 11. Bg3 {[%clk
01:06:54]} {[%emt 00:11:45]} Bh5 {[%clk 01:04:46]} {[%emt 00:11:00]} 12. Nf4
{[%clk 01:05:19]} {[%emt 00:02:04]} Bg6 {[%clk 01:02:58]} {[%emt 00:02:18]} 13.
Nxg6 {[%clk 01:04:49]} {[%emt 00:01:00]} hxg6 {[%clk 01:03:15]} {[%emt
00:00:14]} 14. h3 {[%clk 01:02:01]} {[%emt 00:03:18]} Rc8 {[%clk 00:58:10]}
{[%emt 00:05:34]} 15. Rfc1 {[%clk 00:58:01]} {[%emt 00:04:29]} Nh5 {[%clk
00:41:36]} {[%emt 00:17:05]} 16. Bh2 {[%clk 00:53:32]} {[%emt 00:04:59]} Bd6
{[%clk 00:39:40]} {[%emt 00:02:26]} 17. Bxd6 {[%clk 00:50:37]} {[%emt
00:03:26]} Qxd6 {[%clk 00:40:03]} {[%emt 00:00:06]} 18. f4 {[%clk 00:49:06]}
{[%emt 00:02:01]} Nf6 {[%clk 00:30:29]} {[%emt 00:10:04]} 19. Na4 {[%clk
00:43:28]} {[%emt 00:06:07]} Nd7 {[%clk 00:27:23]} {[%emt 00:03:37]} 20. a3
{[%clk 00:42:11]} {[%emt 00:01:47]} Qe7 {[%clk 00:20:15]} {[%emt 00:07:37]} 21.
Rc2 {[%clk 00:40:51]} {[%emt 00:01:50]} Na7 {[%clk 00:18:06]} {[%emt 00:02:39]}
22. Rac1 {[%clk 00:37:00]} {[%emt 00:04:21]} Rxc2 {[%clk 00:17:01]} {[%emt
00:01:36]} 23. Rxc2 {[%clk 00:37:14]} {[%emt 00:00:16]} Nc6 {[%clk 00:16:06]}
{[%emt 00:01:25]} 24. Bxa6 {[%clk 00:26:55]} {[%emt 00:10:49]} Nxd4 {[%clk
00:13:13]} {[%emt 00:03:23]} 25. Qxd4 {[%clk 00:24:23]} {[%emt 00:03:01]} bxa6
{[%clk 00:13:04]} {[%emt 00:00:40]} 26. Rc7 {[%clk 00:22:00]} {[%emt 00:02:53]}
Qd6 {[%clk 00:11:34]} {[%emt 00:02:00]} 27. Qa7 {[%clk 00:21:13]} {[%emt
00:01:16]} Nf6 {[%clk 00:08:03]} {[%emt 00:04:02]} 28. Nc5 {[%clk 00:14:13]}
{[%emt 00:07:29]} d4 {[%clk 00:07:05]} {[%emt 00:01:29]} 29. exd4 {[%clk
00:05:45]} {[%emt 00:08:58]} Qxd4+ {[%clk 00:06:39]} {[%emt 00:00:56]} 30. Kh1
{[%clk 00:05:08]} 1/2-1/2

[Event "Deutsche Ländermeisterschaft 2023"]
[Site "Hannover GER"]
[Date "2023.10.04"]
[Round "6"]
[White "Unbehend, Marius"]
[Black "Aniol, Nico"]
[Result "1/2-1/2"]
[Termination "normal"]
[Board "6.4"]
[WhiteElo "1595"]
[BlackElo "1748"]
[WhiteClock "00:01:31"]
[BlackClock "00:05:52"]
[WhiteTeam "Saarland & Friends"]
[BlackTeam "Thüringen"]
[PlyCount "76"]
[WhiteFideId "16214420"]
[BlackFideId "16287096"]
[EventCountry "GER"]
[EventRounds "7"]
[EventType "team-swiss"]
[EventDate "2023.09.30"]

1. e4 {[%clk 01:30:54]} {[%emt 00:00:05]} c6 {[%clk 01:30:56]} {[%emt
00:00:04]} 2. d4 {[%clk 01:31:20]} {[%emt 00:00:03]} d5 {[%clk 01:31:23]}
{[%emt 00:00:03]} 3. exd5 {[%clk 01:31:44]} {[%emt 00:00:06]} cxd5 {[%clk
01:31:48]} {[%emt 00:00:06]} 4. Bd3 {[%clk 01:32:07]} {[%emt 00:00:07]} Nc6
{[%clk 01:32:11]} {[%emt 00:00:07]} 5. c3 {[%clk 01:32:32]} {[%emt 00:00:05]}
Nf6 {[%clk 01:32:26]} {[%emt 00:00:14]} 6. Bf4 {[%clk 01:32:51]} {[%emt
00:00:11]} Bg4 {[%clk 01:31:57]} {[%emt 00:00:59]} 7. Qb3 {[%clk 01:33:11]}
{[%emt 00:00:10]} Qd7 {[%clk 01:30:59]} {[%emt 00:01:28]} 8. Nd2 {[%clk
01:31:45]} {[%emt 00:01:55]} a6 {[%clk 01:26:54]} {[%emt 00:04:36]} 9. Ngf3
{[%clk 01:31:48]} {[%emt 00:00:27]} e6 {[%clk 01:26:18]} {[%emt 00:01:05]} 10.
O-O {[%clk 01:31:39]} {[%emt 00:00:39]} Be7 {[%clk 01:23:07]} {[%emt 00:03:42]}
11. Rae1 {[%clk 01:30:03]} {[%emt 00:02:06]} O-O {[%clk 01:22:51]} {[%emt
00:00:46]} 12. Ne5 {[%clk 01:30:16]} {[%emt 00:00:17]} Nxe5 {[%clk 01:20:37]}
{[%emt 00:02:44]} 13. dxe5 {[%clk 01:26:02]} {[%emt 00:04:43]} Ne8 {[%clk
01:20:08]} {[%emt 00:00:59]} 14. Qc2 {[%clk 01:21:08]} {[%emt 00:05:25]} f5
{[%clk 01:18:39]} {[%emt 00:01:59]} 15. exf6 {[%clk 01:17:25]} {[%emt
00:04:13]} Nxf6 {[%clk 01:19:03]} {[%emt 00:00:06]} 16. Be5 {[%clk 01:17:09]}
{[%emt 00:00:46]} h6 {[%clk 01:17:37]} {[%emt 00:01:56]} 17. Nb3 {[%clk
01:15:40]} {[%emt 00:01:59]} Bd6 {[%clk 01:15:33]} {[%emt 00:02:33]} 18. Nd4
{[%clk 01:10:55]} {[%emt 00:05:16]} Bxe5 {[%clk 01:13:15]} {[%emt 00:02:48]}
19. Rxe5 {[%clk 01:11:17]} {[%emt 00:00:08]} Qd6 {[%clk 01:13:38]} {[%emt
00:00:08]} 20. Re3 {[%clk 00:52:21]} {[%emt 00:19:25]} e5 {[%clk 01:07:54]}
{[%emt 00:06:14]} 21. Nf5 {[%clk 00:52:40]} {[%emt 00:00:11]} Bxf5 {[%clk
01:03:40]} {[%emt 00:04:45]} 22. Bxf5 {[%clk 00:53:05]} {[%emt 00:00:05]} Rad8
{[%clk 00:59:23]} {[%emt 00:04:47]} 23. Rd1 {[%clk 00:45:08]} {[%emt 00:08:27]}
Kh8 {[%clk 00:56:39]} {[%emt 00:03:13]} 24. Qb3 {[%clk 00:38:31]} {[%emt
00:07:08]} b6 {[%clk 00:48:06]} {[%emt 00:09:03]} 25. Red3 {[%clk 00:33:11]}
{[%emt 00:05:50]} Qc5 {[%clk 00:44:00]} {[%emt 00:04:36]} 26. R3d2 {[%clk
00:24:57]} {[%emt 00:08:43]} b5 {[%clk 00:35:40]} {[%emt 00:08:50]} 27. h3
{[%clk 00:15:48]} {[%emt 00:09:40]} Rfe8 {[%clk 00:26:18]} {[%emt 00:09:52]}
28. Qc2 {[%clk 00:09:34]} {[%emt 00:06:45]} Qc4 {[%clk 00:18:59]} {[%emt
00:07:49]} 29. Bd3 {[%clk 00:05:04]} {[%emt 00:05:00]} Qxa2 {[%clk 00:15:50]}
{[%emt 00:03:39]} 30. Bg6 {[%clk 00:05:29]} {[%emt 00:00:04]} Rf8 {[%clk
00:16:15]} {[%emt 00:00:06]} 31. Qf5 {[%clk 00:05:43]} {[%emt 00:00:16]} e4
{[%clk 00:14:55]} {[%emt 00:01:49]} 32. g4 {[%clk 00:05:50]} {[%emt 00:00:23]}
Qc4 {[%clk 00:12:45]} {[%emt 00:02:41]} 33. g5 {[%clk 00:05:06]} {[%emt
00:01:14]} Ng8 {[%clk 00:13:08]} {[%emt 00:00:07]} 34. Qe5 {[%clk 00:04:52]}
{[%emt 00:00:44]} Qc5 {[%clk 00:12:45]} {[%emt 00:00:53]} 35. Rd4 {[%clk
00:03:23]} {[%emt 00:01:58]} Qb6 {[%clk 00:08:10]} {[%emt 00:05:06]} 36. Bf5
{[%clk 00:02:00]} {[%emt 00:01:51]} hxg5 {[%clk 00:06:50]} {[%emt 00:01:51]}
37. Rxd5 {[%clk 00:01:07]} {[%emt 00:01:24]} Rxd5 {[%clk 00:06:57]} {[%emt
00:00:22]} 38. Rxd5 {[%clk 00:01:31]} {[%emt 00:00:07]} Qf6 {[%clk 00:05:52]}
{[%emt 00:01:35]} 1/2-1/2

[Event "Deutsche Ländermeisterschaft 2023"]
[Site "Hannover GER"]
[Date "2023.10.04"]
[Round "6"]
[White "Reuter, Elisa"]
[Black "Mukazhanov, Mansur"]
[Result "1-0"]
[Termination "normal"]
[Board "6.5"]
[WhiteTitle "WCM"]
[WhiteElo "1869"]
[BlackElo "1761"]
[WhiteClock "00:44:27"]
[BlackClock "00:58:54"]
[WhiteTeam "Thüringen"]
[BlackTeam "Saarland & Friends"]
[PlyCount "65"]
[WhiteFideId "12995444"]
[BlackFideId "13752324"]
[EventCountry "GER"]
[EventRounds "7"]
[EventType "team-swiss"]
[EventDate "2023.09.30"]

1. e4 {[%clk 01:30:59]} e6 {[%clk 01:30:06]} {[%emt 00:00:54]} 2. d4 {[%clk
01:31:26]} {[%emt 00:00:05]} d5 {[%clk 01:30:14]} {[%emt 00:00:21]} 3. Nc3
{[%clk 01:31:51]} {[%emt 00:00:04]} Bb4 {[%clk 01:30:38]} {[%emt 00:00:06]} 4.
e5 {[%clk 01:32:20]} {[%emt 00:00:02]} c5 {[%clk 01:30:30]} {[%emt 00:00:37]}
5. a3 {[%clk 01:32:45]} {[%emt 00:00:05]} Bxc3+ {[%clk 01:30:25]} {[%emt
00:00:34]} 6. bxc3 {[%clk 01:33:11]} {[%emt 00:00:05]} Qc7 {[%clk 01:30:30]}
{[%emt 00:00:25]} 7. Qg4 {[%clk 01:32:24]} {[%emt 00:01:18]} Ne7 {[%clk
01:30:48]} {[%emt 00:00:11]} 8. Qxg7 {[%clk 01:32:39]} {[%emt 00:00:15]} Rg8
{[%clk 01:31:13]} {[%emt 00:00:05]} 9. Qxh7 {[%clk 01:33:05]} {[%emt 00:00:04]}
cxd4 {[%clk 01:31:24]} {[%emt 00:00:19]} 10. Ne2 {[%clk 01:33:27]} {[%emt
00:00:09]} dxc3 {[%clk 01:31:32]} {[%emt 00:00:22]} 11. f4 {[%clk 01:33:23]}
{[%emt 00:00:34]} Bd7 {[%clk 01:29:52]} {[%emt 00:02:08]} 12. Qd3 {[%clk
01:33:29]} {[%emt 00:00:26]} Nbc6 {[%clk 01:26:02]} {[%emt 00:04:19]} 13. Nxc3
{[%clk 01:32:08]} {[%emt 00:01:51]} a6 {[%clk 01:25:54]} {[%emt 00:00:38]} 14.
Rb1 {[%clk 01:31:43]} {[%emt 00:00:55]} Rc8 {[%clk 01:24:40]} {[%emt 00:01:43]}
15. Bd2 {[%clk 01:27:05]} {[%emt 00:05:08]} b5 {[%clk 01:24:16]} {[%emt
00:00:54]} 16. h4 {[%clk 01:23:51]} {[%emt 00:03:45]} Nf5 {[%clk 01:24:14]}
{[%emt 00:00:31]} 17. Rh3 {[%clk 01:23:18]} {[%emt 00:01:04]} Na5 {[%clk
01:10:45]} {[%emt 00:13:58]} 18. h5 {[%clk 01:18:46]} {[%emt 00:05:03]} Nc4
{[%clk 01:09:26]} {[%emt 00:01:49]} 19. Ne2 {[%clk 01:11:59]} {[%emt 00:07:17]}
Nxd2 {[%clk 01:08:51]} {[%emt 00:01:04]} 20. Kxd2 {[%clk 01:11:41]} {[%emt
00:00:48]} b4 {[%clk 01:07:27]} {[%emt 00:01:54]} 21. Rxb4 {[%clk 01:04:27]}
{[%emt 00:07:45]} Bb5 {[%clk 01:07:04]} {[%emt 00:00:51]} 22. Qc3 {[%clk
00:58:40]} {[%emt 00:06:19]} Qxc3+ {[%clk 01:06:54]} {[%emt 00:00:40]} 23. Rxc3
{[%clk 00:59:00]} {[%emt 00:00:09]} Rxc3 {[%clk 01:07:20]} {[%emt 00:00:05]}
24. Nxc3 {[%clk 00:56:58]} {[%emt 00:02:31]} Rg3 {[%clk 01:07:05]} {[%emt
00:00:44]} 25. Nxb5 {[%clk 00:53:30]} {[%emt 00:03:59]} axb5 {[%clk 01:07:24]}
{[%emt 00:00:10]} 26. Bxb5+ {[%clk 00:53:38]} {[%emt 00:00:22]} Kf8 {[%clk
01:07:48]} {[%emt 00:00:06]} 27. Bf1 {[%clk 00:52:59]} {[%emt 00:01:10]} Rxa3
{[%clk 01:08:05]} {[%emt 00:00:12]} 28. Bd3 {[%clk 00:50:26]} {[%emt 00:03:04]}
Nh6 {[%clk 01:08:12]} {[%emt 00:00:23]} 29. Rb1 {[%clk 00:48:57]} {[%emt
00:01:59]} Kg7 {[%clk 01:06:59]} {[%emt 00:01:42]} 30. Ke2 {[%clk 00:47:29]}
{[%emt 00:02:00]} Rc3 {[%clk 00:59:11]} {[%emt 00:08:16]} 31. Rb3 {[%clk
00:46:09]} {[%emt 00:01:51]} Rc5 {[%clk 00:59:20]} {[%emt 00:00:20]} 32. Kf3
{[%clk 00:44:13]} {[%emt 00:02:28]} Rc7 {[%clk 00:58:54]} {[%emt 00:00:56]} 33.
g4 {[%clk 00:44:27]} {[%emt 00:00:16]} 1-0